000 00502nam a2200181Ia 4500
005 20250508152435.0
008 008 250505s9999 xx 000 0 eng d
037 _aBooks to be hide in OPAC
040 _aFEDL
_beng
_cFEDL
041 _aeng
_2eng
084 _a370, PAY/O
_qFEDL
100 _aPayne M A
_9319650
245 0 _aCreative education
260 _aGlasgow
_bWilliam MacLellan and Co., Ltd.
_c1958
300 _a197p
942 _cHB
_h370, PAY/O
999 _c1336433
_d1336433